00701nam a2200241 a 4500001001300000003000900013005001700022008004100039020002300080082001600103100002300119245003000142260004200172300000900214500003500223505001000258650002100268700002300289902000800312942000700320952011700327999001500444nice12345678IN_TiNIC20260116013136.0050524s1992 leia grp 000 0 eng  a0830800 c30000a299.93bMAN aMangalwadi, Vishal aWhen the New Age Gets Old aLeicesterbInter Varsity Press c1992 a287p aincludes index and biblioraphy2 aIndex aNew Age Movement1 aMangalwadi, Vishal bSRS cBK 001040708StackRoom-aHMIbHMId2007-07-02g300.00l0o299.93 MANp017830r2007-07-02v300.00w2005-05-24yBK c9836d9836